MARC

LEADER 00000nam0a2200000 4500
001 301282
005 20231102001403.0
035 |a (RuTPU)RU\TPU\book\326454 
090 |a 301282 
100 |a 20150728d1983 km y0rusy5003 ca 
101 0 |a rus 
102 |a RU 
105 |a y g 001zy 
200 1 |a Справочник народного контролера  |f под ред. И. Д. Конаха 
205 |a 3-е изд., доп. 
210 |a Москва  |c Политиздат  |d 1983 
215 |a 351 с. 
320 |a Библиогр.: с. 343-345 
606 1 |a Народный контроль  |2 stltpush  |3 (RuTPU)RU\TPU\subj\44896  |9 64168 
610 1 |a справочники 
610 1 |a организация работы 
610 1 |a экономия 
610 1 |a бережливость 
610 1 |a сохранность 
610 1 |a социалистическая собственность 
610 1 |a группы 
610 1 |a отделы 
610 1 |a гласность 
686 |a Х621.071я2  |v LBC/SL-A  |2 rubbk 
702 1 |a Конах  |b И. Д.  |g Иван Дмитриевич  |4 340 
801 0 |a RU  |b RuMRKP  |c 19950704  |g psbo 
801 1 |a RU  |b 63413507  |c 20150728 
801 2 |a RU  |b 63413507  |c 20170808  |g RCR 
942 |c BK